00305nam a2200097Ia 4500008004100000040002900041050002700070100001900097245006600116260002500182230107s9999||||xx |||||||||||||| ||und|| cChuka University Library aBSL HB 171 bS384 1975 aSchumacher,E.F 0aSmall is beautiful:A study of economics as if people mattered aAbacusbLondonc1975